000 00764nam a2200265Ia 4500
003 OSt
005 20221005025423.0
006 a|||||r|||| 00| 0
007 ta
008 221004b |||||||| |||| 00| 0 ben d
020 _a8170796695
_c65
024 _a5083
037 _b797, 20/03/2013, Bright Book Service
_cTextual
040 _aCRL
_cCRL
_bben
041 _2ben
_aben
082 _aU8.277, 157N5
100 _aMoharaj Soncu
_9581724
245 0 _aAlakapuri assam
260 _aCalcutta
_bSudhangshu Sekhar Dey Dey's Pub India
_c1996
300 _a296p.
_ccm.
650 _a GEOGRAPHY
650 _aGEOGRAPHY
942 _hU8.277, 157N5
_cTEXL
_2cc
999 _c934696
_d934696